Представление документа в формате RUSMARC

ПолеНазваниеЗначение
  Тип записи a
  Библиографический уровень m
001 Контрольный номер UONB/MAIN/bbab37a88a294747a1c8c5cfe5113c0f
005 Дата корректировки 20251121115314.3
010 Индекс ISBN __
d Цена 40 к.
9 Тираж 1000 экз.
100 Данные общей обработки __
a Данные общей обработки 20241113d1970 m y0rusy0189 ca
101 Язык документа 0_
a Язык текста rus
102 Страна публикации __
a Страна публикации RU
105 Кодированные данные (монография) __
a Кодированные данные (монография) a z 101yy
200 Заглавие и сведения об ответственности 1_
a Заглавие Архитектура
e Сведения, относящиеся к заглавию материалы к V конференции молодых ученых-строителей (28 дек. 1970 г.)
f Первые сведения об ответственности М-во высш. и сред. спец. образования РСФСР, Ленингр. инж.-строит. ин-т
g Последующие сведения об ответственности отв. ред. А.М. Соколов
203 Вид содержания и тип средства __
a Вид содержания Текст
b Характеристика содержания визуальный
c Тип средства непосредственный
210 Выходные данные 1_
a Место издания Ленинград
c Издательство [б. и.]
d Дата издания 1970
215 Физическое описание __
a Объем 92 с.
c Иллюстрации/тип воспроизводства ил.
d Формат 20 см
320 Библиография __
a Библиография Библиогр. в конце докл.
606 Тематические рубрики 0_
a Основная рубрика Архитектура
j Формальный подзаголовок Сборники
610 Ключевые слова 0_
a Ключевые слова архитектура
686 Индексы других классификаций __
a Классификационный индекс 85.11я43
2 Код системы rubbk
702 Вторичная интеллектуальная ответственность _1
a Фамилия Соколов
b Имя (инициалы) А.М.
4 Код отношения 340
711 Наименование организации. (Альтернативная ответственность) 12
a Организация/ юрисдикция Научная конференция молодых ученых-строителей
d Порядковый номер 5-я
e Место проведения Ленинград
f Дата проведения 1970
4 Код отношения 570
712 Наименование организации (Вторичная ответственность) 02
a Организация/ юрисдикция Министерство высшего и среднего специального образования РСФСР
b Другие уровни Ленинградский инженерно-строительный институт
4 Код отношения 570
801 Источник записи _0
a Страна RU
b Организация Ульяновская ОНБ
c Дата составления 20241113
g Правила каталогизации RCR
801 Источник записи _1
a Страна RU
b Организация Ульяновская ОНБ
c Дата составления 20241113
g Правила каталогизации RCR
901 Тип документа __
t Тип документа m
909 Создатель записи __
a Создатель записи Кадыкова
b Дата создания записи 20241113